| 000 | 00462nam a2200181Ia 4500 | ||
|---|---|---|---|
| 005 | 20250508160444.0 | ||
| 008 | 008 250505s9999 xx 000 0 eng d | ||
| 037 | _aTextual | ||
| 040 |
_aFEDL _beng _cFEDL |
||
| 041 |
_aeng _2eng |
||
| 084 |
_a040, AUD _qFEDL |
||
| 100 | _aAuden W H | ||
| 245 | 0 | _aSecondary worlds | |
| 260 |
_aLondon, UK _bFaber and Faber _c1968 |
||
| 300 | _a144p. | ||
| 942 |
_cTEXL _h040, AUD |
||
| 999 |
_c1364707 _d1364707 |
||